01274nam a2200277 a 4500001001000000003000400010005001700014008004100031040002500072082002100097100003700118245005500155260005400210300002700264500003900291590002600330650002900356650003100385710005900416910003700475942001400512952012000526952018500646952014800831999001700979000030997OSt20260321073642.0110609s2009 dr a 000 j spa d aDO-SdBNPbspacBNPHU aRD863.44bB742mu1 a Bosch, Juan, d1909-200197655513aLa mujer en 8 cuentos de Juan Bosch /cJuan Bosch. aSanto Domingo :bSecretaría de la Mujer,c2009. a91 p. :bil. ;c22 cm. aAño del Centenario de Juan Bosch aInventariado, 2020/VM 0aCuentos dominicanos9176 0aLiteratura dominicana.9671 aRepública DominicanabSecretaria de la Mujer.957505 aValidado. Control de calidad MFF 2ddccLBS1 00102ddc51708PDaBNPHUbPDcHDd2011-06-09l0oBNPHU PD RD863.44 B742mup30997-10r2020-06-25w2020-06-25yLFPD 00102ddc51708PDaBNPHUbPDcHDd2014-05-16eDonado por Manuel Ortìzl0oBNPHU PD RD863.44 B742mup2021-26823r2020-11-06te.2w2020-11-06yLFPDzPerteneciò a Manuel Ortìz 00102ddc56708DSaBNPHUbDOcHDd2021-09-20eMaritza Pérez G. l0oBNPHU DS RD863.44 B742mup2021-26824r2021-09-20te.3w2021-09-20yLFDS c30489d30489